Programming With dBase III pluus : (Record no. 176471)
[ view plain ]
| 000 -LEADER | |
|---|---|
| fixed length control field | 01025 a2200145 4500 |
| 003 - CONTROL NUMBER IDENTIFIER | |
| control field | Nust |
| 005 - DATE AND TIME OF LATEST TRANSACTION | |
| control field | 20230529144030.0 |
| 040 ## - CATALOGING SOURCE | |
| Transcribing agency | Nust |
| 082 ## - DEWEY DECIMAL CLASSIFICATION NUMBER | |
| Classification number | 004.65,TAT |
| 100 ## - MAIN ENTRY--PERSONAL NAME | |
| Personal name | Tate , Ashton |
| 9 (RLIN) | 112788 |
| 245 ## - TITLE STATEMENT | |
| Title | Programming With dBase III pluus : |
| Remainder of title | Networking Runtime Plus / |
| Statement of responsibility, etc. | Tate Ashton |
| 505 ## - FORMATTED CONTENTS NOTE | |
| Formatted contents note | Introduction from using the Program(Page 1-1), Programming in a Nstshell (Page 1-1), dBASE Program Structure and Flow (Page 2-1), Using Memory Variables (Page 3-1), Setting Up the Main Program (Page 4-1), Functions for Fields and Memory Variables (Page 5-1), Communications with the User (Page 6-1), Using Templates and Ranges (Page 7-1), Fancier Screen and Format Files (Page 8-1), Evaluating user Input (Page 9-1,) Working with the Database (Page 10-1), Working with Data in the Database (Page 11-1), Printing (Page 12-1), Housekeeping (Page 13-1), Pitting in Together (Page 14-1), Testing and Debugging the Program (Page 15-1), More Advanced Features (Page 16-1). |
| 650 ## - SUBJECT ADDED ENTRY--TOPICAL TERM | |
| Topical term or geographic name entry element | programming |
| 9 (RLIN) | 96244 |
| 942 ## - ADDED ENTRY ELEMENTS (KOHA) | |
| Source of classification or shelving scheme | |
| Koha item type | Book Bank |
| Withdrawn status | Lost status | Source of classification or shelving scheme | Damaged status | Not for loan | Permanent Location | Current Location | Shelving location | Date acquired | Full call number | Barcode | Date last seen | Price effective from | Koha item type | Public note |
|---|---|---|---|---|---|---|---|---|---|---|---|---|---|---|
| Military College of Signals (MCS) | Military College of Signals (MCS) | General Stacks | 12/12/2016 | 004.65,TAT | MCS27492 | 12/08/2016 | 12/12/2016 | Book | Almirah No.80, Shelf No.1 |
